000 02329nam a2200469 c 4500
001 384097
003 BLK
005 20250313005553.0
008 200315b bul|||||r ||||||| ||bul||
040 _aBLK
041 _aBUL
_cBUL
080 _aБългарска литература
_b821.163.2
_z821.163.2
100 1 _aКоларов, Стефан
_eпърви автор
_9430126
139 _aКоларов, Стефан
245 1 0 _aСъвременни поети
_bлит.-крит. очерци
_cСтефан Коларов.
257 _aBGR
260 _aСофия
_bНар. младеж
_c1978
_fСт. Загора : М. Станев
300 _a288 с.
_c16 см
380 _aX
500 _aЗа Младен Исаев, Веселин Андреев, Георги Джагаров, Радой Ралин, Лиляна Стефанова, Пеньо Пенев, Любомир Левчев, Слав Хр. Караславов, Евтим Евтимов, Петър Караангов, Стефан Цанев и Ваня Петкова.
600 1 4 _aИсаев, Младен
_9430127
600 1 4 _aАндреев, Веселин
_9430128
600 1 4 _aДжагаров, Георги Георгиев
_d1925 - 1995
_gПоет. Драматург. Публицист. Преводач от руски език.
_960395
600 1 4 _aРалин, Радой
_9430130
600 1 4 _aСтефанова, Лиляна
_9430131
600 1 4 _aПенев, Пеньо
_d1930-1959
_gПоет. Журналист.
_qМитев, Пеньо Пенев
_9108007
600 1 4 _aЛевчев, Любомир Спиридонов
_d1935 - 2019
_gПоет, писател
_988160
600 1 4 _aКараславов, Слав Хр.
_9430134
600 1 4 _aЕвтимов, Евтим
_9430135
600 1 4 _aКараангов, Петър
_9430136
600 0 _aЦанев, Стефан Неделчев
_d1936-
_gПисател, поет, драматург.
_9364639
600 1 4 _aПеткова, Ваня
_9430138
653 7 _aпоети
_9193981
852 _aЦб І 16791
856 4 _qpdf
_u
_i0.00
_ldisable
856 4 _qpdf
_u
_i0.00
_ldisable
942 _cKNG
_n0
_s1
944 _aCR
_c2020-08-21
_k
_lCRON CRON
999 _c384097
_d384097
999 _d384097
999 _d384097
999 _d462783